[Event "Senta op 20th"]
[Site "Senta"]
[Date "2016.07.24"]
[Round "4"]
[White "Vilagos, Nandor"]
[Black "Lalic, Danka"]
[Result "1-0"]
[WhiteElo "2096"]
[BlackElo "1849"]
[PlyCount "41"]
[EventDate "2016.07.22"]
[EventType "swiss"]
[EventRounds "9"]
[EventCountry "SRB"]
[SourceTitle "EXT 2017"]
[Source "ChessBase"]
[SourceDate "2016.10.25"]
[SourceVersion "1"]
[SourceVersionDate "2016.10.25"]
[SourceQuality "1"]

1. e4 d6 2. d4 Nf6 3. Nc3 g6 4. Be3 c6 5. Qd2 b5 6. a3 Nbd7 7. f3 a6 8. Bd3 Nb6 9. Nge2 Qc7 10. g4 Bb7 11. Ng3 0-0-0 12. Qf2 h5 13. g5 h4 14. Nf1 Nfd7 15. a4 b4 16. Na2 a5 17. c3 Bg7 18. cxb4 axb4 19. Nxb4 c5 20. Na6 Qc6 21. Bb5 1-0

[Event "SRB-ch U18 Girls"]
[Site "Vrbas"]
[Date "2015.04.14"]
[Round "8"]
[White "Lalic, Danka"]
[Black "Velikic, Adela"]
[Result "0-1"]
[WhiteElo "1846"]
[BlackElo "2194"]
[PlyCount "70"]
[EventDate "2015.04.09"]
[EventType "swiss"]
[EventRounds "9"]
[EventCountry "SRB"]
[SourceTitle "EXT 2016"]
[Source "ChessBase"]
[SourceDate "2015.10.08"]
[SourceVersion "1"]
[SourceVersionDate "2015.10.08"]
[SourceQuality "1"]

1. e4 c5 2. d4 cxd4 3. c3 dxc3 4. Nxc3 Nc6 5. Bc4 e6 6. Nf3 a6 7. 0-0 Nge7 8. Bg5 h6 9. Be3 b5 10. Bb3 Bb7 11. Qe2 Ng6 12. Rac1 Be7 13. Rfd1 Na5 14. Nd2 0-0 15. Bc2 Bg5 16. Bxg5 Qxg5 17. Nf3 Qe7 18. Nd2 Rac8 19. Bb1 Rfd8 20. e5 Qg5 21. Nf3 Bxf3 22. Qxf3 Nc4 23. Ne4 Qf4 24. Qe2 Ncxe5 25. Rxc8 Rxc8 26. Nc3 d5 27. a4 Qc4 28. axb5 Qxe2 29. Nxe2 axb5 30. Nd4 b4 31. g3 Ne7 32. Kg2 Nc4 33. b3 Na5 34. f4 Rc3 35. Bc2 Nec6 0-1

[Event "Senta op 18th"]
[Site "Senta"]
[Date "2014.07.19"]
[Round "1"]
[White "Kumic, Filip"]
[Black "Lalic, Danka"]
[Result "1-0"]
[WhiteElo "2248"]
[BlackElo "1785"]
[PlyCount "85"]
[EventDate "2014.07.19"]
[EventType "swiss"]
[EventRounds "9"]
[EventCountry "SRB"]
[SourceTitle "CBM 161 Extra"]
[Source "ChessBase"]
[SourceDate "2014.08.29"]
[SourceVersion "1"]
[SourceVersionDate "2014.08.29"]
[SourceQuality "1"]

1. d4 d6 2. c4 Nf6 3. Nf3 g6 4. Nc3 Bg7 5. e4 0-0 6. h3 Nbd7 7. Be3 e5 8. d5 Qe7 9. Nd2 a5 10. b3 Nc5 11. Be2 Ne8 12. g4 c6 13. a3 Nc7 14. Rb1 cxd5 15. cxd5 f5 16. b4 Nxe4 17. Ncxe4 fxe4 18. Nxe4 axb4 19. axb4 Bd7 20. b5 Ne8 21. 0-0 Nf6 22. Bg5 h6 23. Nxf6+ Bxf6 24. Bxh6 Rf7 25. Qc2 Kh7 26. Be3 Bg5 27. Qe4 Bf4 28. Ra1 Rh8 29. Kg2 Kg7 30. Rh1 Qg5 31. Bb6 Qh4 32. Ra7 Bc8 33. Ra8 Bg5 34. Bd3 Rf6 35. Ra2 Bf4 36. Qe2 Bg5 37. Rc2 Rf4 38. f3 Rf7 39. Qe4 Qh6 40. h4 Rf4 41. Rc7+ Rf7 42. Rxf7+ Kxf7 43. h5 1-0

[Event "SRB-ch U16 Girls"]
[Site "Subotica"]
[Date "2014.04.21"]
[Round "6"]
[White "Lalic, Danka"]
[Black "Stankovic, Zvezdana"]
[Result "1-0"]
[WhiteElo "1748"]
[BlackElo "1521"]
[PlyCount "53"]
[EventDate "2014.04.17"]
[EventType "swiss"]
[EventRounds "9"]
[EventCountry "SRB"]
[SourceTitle "CBM 160 Extra"]
[Source "ChessBase"]
[SourceDate "2014.07.01"]
[SourceVersion "1"]
[SourceVersionDate "2014.07.01"]
[SourceQuality "1"]

1. e4 e5 2. Bc4 Nf6 3. d3 Bc5 4. Nc3 0-0 5. f4 d5 6. exd5 Bg4 7. Nf3 Bd4 8. fxe5 Bxe5 9. 0-0 Bxc3 10. bxc3 Nxd5 11. h3 Bh5 12. Qe1 Nc6 13. Bd2 Re8 14. Qf2 Qd6 15. d4 Bg6 16. Nh4 Re7 17. Nf5 Bxf5 18. Qxf5 Nf6 19. Bg5 Rae8 20. Bd3 Re6 21. Bxf6 gxf6 22. Qxh7+ Kf8 23. Bc4 Nxd4 24. Rad1 Ne2+ 25. Bxe2 Qc5+ 26. Kh1 Rxe2 27. Qh8+ 1-0

[Event "SRB-ch U16 Girls"]
[Site "Vrnjacka Banja"]
[Date "2013.05.04"]
[Round "7"]
[White "Lalic, Danka"]
[Black "Rakic, Teodora"]
[Result "0-1"]
[WhiteElo "1744"]
[BlackElo "1842"]
[PlyCount "92"]
[EventDate "2013.04.30"]
[EventType "swiss"]
[EventRounds "9"]
[EventCountry "SRB"]
[SourceTitle "CBM 154 Extra"]
[Source "ChessBase"]
[SourceDate "2013.06.25"]
[SourceVersion "2"]
[SourceVersionDate "2013.06.25"]
[SourceQuality "1"]

1. e4 g6 2. d4 Bg7 3. Nc3 c6 4. Be3 d6 5. Qd2 Nf6 6. f3 0-0 7. g4 Qc7 8. h4 h5 9. gxh5 Nxh5 10. Nge2 b5 11. Rg1 Nd7 12. Nf4 Ndf6 13. Nxh5 Nxh5 14. Bh6 e5 15. Ne2 Qe7 16. Bg5 Bf6 17. 0-0-0 Bxg5 18. Rxg5 Kg7 19. Qc3 f6 20. Rg1 Bb7 21. Bh3 Rh8 22. dxe5 fxe5 23. f4 Nf6 24. Qg3 Rh6 25. Bf5 Nh5 26. Qg4 Nf6 27. Qg2 Kh8 28. Qg5 Ng8 29. Bxg6 Qxg5 30. Rxg5 exf4 31. Nxf4 Rxh4 32. Bf7 Ne7 33. Rxd6 Rf8 34. Bh5 Rh1+ 35. Kd2 Rh2+ 36. Kd3 Kh7 37. Re6 Rd8+ 38. Kc3 Ng8 39. Reg6 Bc8 40. Rg7+ Kh8 41. Bf7 Nf6 42. R5g6 Nxe4+ 43. Kb4 Ng5 44. Rxg5 Rd4+ 45. Kc5 Rxf4 46. Bb3 Rf5+ 0-1

[Event "SRB-ch U16 Girls"]
[Site "Vrnjacka Banja"]
[Date "2013.05.02"]
[Round "4"]
[White "Petrovic, Tamara"]
[Black "Lalic, Danka"]
[Result "1-0"]
[WhiteElo "1646"]
[BlackElo "1744"]
[PlyCount "83"]
[EventDate "2013.04.30"]
[EventType "swiss"]
[EventRounds "9"]
[EventCountry "SRB"]
[SourceTitle "CBM 154 Extra"]
[Source "ChessBase"]
[SourceDate "2013.06.25"]
[SourceVersion "2"]
[SourceVersionDate "2013.06.25"]
[SourceQuality "1"]

1. Nf3 Nf6 2. d4 d5 3. c4 e6 4. Nc3 Nbd7 5. Bg5 c6 6. e3 Qa5 7. a3 Ne4 8. Qc2 Bb4 9. Rc1 Bxc3+ 10. bxc3 Qxa3 11. Bd3 Ndf6 12. Bf4 0-0 13. 0-0 c5 14. Ra1 Qxc3 15. Qxc3 Nxc3 16. Bd6 Re8 17. Bxc5 dxc4 18. Bxc4 b6 19. Bxb6 a6 20. Ne5 Bb7 21. Nd3 Nfe4 22. Rfe1 Nd2 23. Nb2 Rec8 24. Bd3 Bd5 25. Rac1 Nb3 26. Rc2 Rab8 27. Bxa6 Rc6 28. Ba7 Be4 29. Rxc3 Rxc3 30. Bxb8 Na5 31. Na4 Ra3 32. Nc5 Ba8 33. Rb1 Nc6 34. Be2 h6 35. Bd6 Kh7 36. Nxe6 Ra2 37. Bd3+ g6 38. Nc7 Ra7 39. Be4 Bb7 40. Bc5 Ra2 41. Rxb7 Rd2 42. h3 1-0